00521nam a2200181 a 4500001001400000005001700014008004100031020002300072035001700095040002500112044001100137080002500148100003800173245004700211260002600258300001800284650003700302vtls00138125120251024080719.0240313s1998 xr a r 0 cze c a8020006893c403,00 aSNK000335259 aSNKbslocSNKeAACR2 axrcCZ a159.921. stred. slo1 aNakonečný, Milan,d1932-4aut1 aZáklady psychologiecMilan Nakonečný aPrahabAcademiac1998 a590 s.c24 cm07apsychológiaxpríručky2SNK